000 00728nam a22002177a 4500
003 UA-OsUOA
001 136444
007 ta
008 20190325b un ||||| |||| 00| 0 ukr d
100 _aСлободяник Ю. Б.
090 _a330
_bС48
942 _cSA
040 _aUA-OsUOA
_bukr
_cUA-OsUOA
_dUA-OsUOA
245 _aІмплементація міжнародних стандартів державного аудиту в умовах розвитку цифрової економіки та суспільства
300 _aС.111
955 _a0
041 _aukr
080 _a330
773 0 _w136436
_tФінанси України
_dК.
_d2019
_g2
650 7 _a330 Економіка взагалі
_2UDC
999 _c409355
_d409355